Ci sono almeno 5... - Morte improvvisa - Statistics

Statistiche generali
  • Questo quiz è stato fatto 734 volte
  • Il punteggio medio è 6 su 21
Answers on the Grid
Answers color-coded by a green-red scale on the quiz's grid according to % correct below.
...paesi che confinano con la Spagna
...paesi che si affacciano sul Mar Baltico
...colori sulla bandiera di Seychelles
...libri nella Torah
...paesi attraversati dal Tropico del Capricorno
...vocali
...Grandi Laghi
...Distretti di New York
...corde in una chitarra
...giocatori in una squadra da basket
...facce in un dado
...libri della saga di Harry Potter
...persone che hanno vinto almeno 2 Premi Nobel
...lingue ufficiali dell'ONU
...vizi capitali
...paesi che terminano con "stan"
...paesi attraversati dal Nilo
...stati del New England
...sport nel pentathlon moderno
...pollici in 20 centimetri
...zampe in una formica
...stelle più vicine a noi di Proxima Centuari
...fiumi in Arabia Saudita
...lati in un quadrato
...paesi che iniziano con la lettera V
...casi in lingua tedesca
...squadre che hanno vinto la UEFA Conference League
...presidenti degli Stati Uniti uccisi
...paesi sull'isola del Borneo
...città colpite dalla bomba atomica
...figli di William, principe del Galles
...fondatori di Roma
...monarchie in Sudamerica
...paesi europei dell'OPEC
...divisori pari di 20
...squadre che hanno vinto almeno 10 titoli NBA
...anni in 50 mesi
...paesi americani che hanno ospitato i Giochi Olimpici
...elementi con meno protoni del Boro
...fusi orari in Brasile
...lobi nel fegato
...capitali più a sud di Buenos Aires
 
Statistiche sulle risposte
Risposta % Corretto
...vocali
48%
...paesi che terminano con "stan"
46%
...vizi capitali
46%
...facce in un dado
44%
...giocatori in una squadra da basket
43%
...libri della saga di Harry Potter
43%
...corde in una chitarra
37%
...sport nel pentathlon moderno
36%
...zampe in una formica
30%
...colori sulla bandiera di Seychelles
28%
...Distretti di New York
28%
...paesi che si affacciano sul Mar Baltico
26%
...paesi attraversati dal Tropico del Capricorno
24%
...lingue ufficiali dell'ONU
23%
...pollici in 20 centimetri
21%
...libri nella Torah
20%
...Grandi Laghi
18%
...paesi attraversati dal Nilo
14%
...persone che hanno vinto almeno 2 Premi Nobel
10%
...stati del New England
7%
...paesi che confinano con la Spagna
6%
Nessun quiz corrispondente trovato
Distribuzione punteggi
Percentuale di utenti per punteggio
Percentile per numero di risposta
I tuoi punteggi nel tempo
Non hai fatto questo quiz